书目信息 |
| 题名: |
物流包装实务
|
|
| 作者: | 孙宏岭 , 武文斌 主编 | |
| 分册: | ||
| 出版信息: | 北京 中国物资出版社 2003 |
|
| 页数: | 232页 | |
| 开本: | 23cm | |
| 丛书名: | ||
| 单 册: | ||
| 中图分类: | TB48 | |
| 科图分类: | ||
| 主题词: | 物流--包装 , 物流 , 包装 | |
| 电子资源: | ||
| ISBN: | 7-5047-1912-9 | |
| 000 | 00941nam0 2200277 450 | |
| 001 | 1531871102 | |
| 005 | 20150130085137.43 | |
| 010 | @a7-5047-1912-9@dCNY22.00 | |
| 100 | @a20030701d2003 em y0chiy50 ea | |
| 101 | 0 | @achi |
| 102 | @aCN@b110000 | |
| 105 | @ay z 000yy | |
| 200 | 1 | @a物流包装实务@9wu liu bao zhuang shi wu@f孙宏岭,武文斌主编 |
| 210 | @a北京@c中国物资出版社@d2003 | |
| 215 | @a232页@d23cm | |
| 300 | @a现代物流系列教材 | |
| 304 | @a中国物流与采购联合会指定 | |
| 330 | @a本书根据物流包装领域内理论和实践的发展,吸取了国外物流包装科学化基础理论和先进技术,同时根据国内外物流发展现状,将物流包装放在现代物流理论和实践中来研究物流包装,从现代流通的角度探讨这一问题。 | |
| 606 | 0 | @a物流@x包装 |
| 606 | 0 | @a物流 |
| 606 | 0 | @a包装 |
| 690 | @aTB48@v5 | |
| 701 | 0 | @a孙宏岭@9sun hong ling@f(1931~)@4主编 |
| 701 | 0 | @a武文斌@9wu wen bin@f(1959~)@4主编 |
| 801 | 0 | @aCN@bTSSF@c20150130 |
| 905 | @aZUCC@dTB48@eJY3 | |
| 物流包装实务/孙宏岭,武文斌主编.-北京:中国物资出版社,2003 |
| 232页;23cm |
| 现代物流系列教材 |
| ISBN 7-5047-1912-9:CNY22.00 |
| 本书根据物流包装领域内理论和实践的发展,吸取了国外物流包装科学化基础理论和先进技术,同时根据国内外物流发展现状,将物流包装放在现代物流理论和实践中来研究物流包装,从现代流通的角度探讨这一问题。 |
| ● |
| 相关链接 |
|
|
|
|
正题名:物流包装实务
索取号:TB48/JY3
 
预约/预借
| 序号 | 登录号 | 条形码 | 馆藏地/架位号 | 状态 | 备注 |
| 1 | 7862650 | 278626505 | 学院路分馆/ [索取号:TB48/JY3] | 在馆 | |
| 2 | 7862651 | 278626514 | 学院路分馆/ [索取号:TB48/JY3] | 在馆 | |
| 3 | 7862652 | 278626523 | 学院路分馆/ [索取号:TB48/JY3] | 在馆 | |
| 4 | 7862653 | 278626532 | 学院路分馆/ [索取号:TB48/JY3] | 在馆 |